| 000 | 01112nac a22002771i 4500 | ||
|---|---|---|---|
| 003 | EG-ScBUE | ||
| 005 | 20240104125153.0 | ||
| 008 | 121209s2008 ua f b 000 0 ara d | ||
| 017 | _a2007 / 15806 | ||
| 040 |
_aEG-ScBUE _bara _erda _cEG-ScBUE _dEG-ScBUE |
||
| 043 | _af-ti--- | ||
| 082 | 0 | 4 |
_a322.109611 _bع ل ا _222 |
| 100 | 1 |
_aعلاني، أعلية، _eمؤلف. |
|
| 245 | 1 | 2 |
_aالحركات الإسلامية في الوطن العربي : _bدراسة مقارنة بالحالة التونسية / _cدكتور أعلية علاني. |
| 250 | _aالطبعة الأولى. | ||
| 264 | 1 |
_aالقاهرة : _bدار مصر المحروسة، _c2008. |
|
| 300 |
_a277 صفحة ؛ _c24 سم |
||
| 336 |
_2rdacontent _aنص _btxt |
||
| 337 |
_aبدون وسيط _2rdamedia _bn |
||
| 338 |
_aمجلد _bnc _2rdacarrier |
||
| 504 | _aيشتمل على إرجاعات ببليوجرافية. | ||
| 650 | 7 |
_2BUEsh _aالحركات الفكرية عند المسلمين _zتونس. |
|
| 650 | 7 |
_2BUEsh _aالإسلام والإصلاح السياسي _zتونس. |
|
| 655 | _vReading book | ||
| 942 |
_cBB _2ddc |
||
| 999 |
_c7911 _d7911 |
||